Vista normal Vista MARC

Entrada Personal Name

Número de registros utilizados en: 1

001 - CONTROL NUMBER

  • control field: 11007

003 - CONTROL NUMBER IDENTIFIER

  • control field: OSt

005 - DATE AND TIME OF LATEST TRANSACTION

  • control field: 20200930121712.0

008 - FIXED-LENGTH DATA ELEMENTS

  • fixed length control field: 200930|| aca||aabn | a|a d

040 ## - CATALOGING SOURCE

  • Original cataloging agency: OSt
  • Transcribing agency: OSt

100 ## - HEADING--PERSONAL NAME

  • Personal name: de los Mozos, José Luis.

670 ## - SOURCE DATA FOUND

  • Source citation: Work cat.: (OSt): Alterini, Atilio Aníbal, autor 11003, Contratación contemporáneo : , 2001.